Google-Jahresrückblick 2023 (Serien) - Statistiken

Allgemein
  • Dieses Quiz wurde 30 mal gespielt
  • Das Durchschnittsergebnis liegt bei 5 aus 10
Antwortstatistiken
Bildquiz Hint Antwort % Korrekt
Netflix Wednesday
96%
Netflix One Piece
76%
Netflix The Witcher
76%
Netflix Queen Charlotte
56%
WOW The Last of Us
52%
Netflix Ginny & Georgia
44%
Netflix Outer Banks
44%
ZDF Mediathek Der Schwarm
16%
ZDF Mediathek Gestern waren wir noch Kinder
16%
Netflix Liebes Kind
12%
Keine übereinstimmenden Quizze gefunden
Verteilung der Resultate
Anzahl Personen mit jedem Resultat
Perzentil nach korrekt beantworteten Fragen
Ihre Resultats-Entwicklung
Sie haben dieses Quiz noch nicht gespielt